20 najczęściej używanych kosmitów przez Ben 10 - Statystyki

Ogólne statystyki
  • Ten quiz został rozwiązany 40 razy
  • Średni wynik to 11 z 21
Statystyki odpowiedzi
Ilość użyć Kosmita % Poprawnych
73 Czteroręki
87%
54 Szybcior
87%
56 Diamentogłowy
81%
43 Inferno
81%
45 Kulopłot
68%
32 Szara Materia
65%
33 Mucha
58%
77 Gigantozaur
55%
31 Upgrade
55%
21 Way Big
52%
37 Echo Echo
48%
24 Feedback
48%
58 Ziąb
48%
42 Dzikopysk
45%
51 Szlamfajer
45%
43 Jetray
42%
21 Chromaton
32%
30 Plazma
29%
29 Gniew
26%
40 Pajęczarz
19%
23 Upchuck
16%
Nie znaleziono quizów pasujących do podanych kryteriów
Rozkład punktacji
Procent ludzi z każdym wynikiem
Percentyl według liczby udzielonych odpowiedzi
Twoja historia wyników
Nie rozwiązałeś tego quizu